000 00457nam a22001697a 4500
003 MPLRDC
005 20220104114502.0
008 210129b ||||| |||| 00| 0 eng d
082 _a628.63 FYSX v.33
100 _a卜乃夫
245 _a无名氏谈海峡两岸奇迹
_c
260 _a
_b风云论坛社
_c
300 _b
490 _a风云书系. 33
650 _a中国现代史; 民国史--国民政府迁台以后
942 _cBK
_o628.63 FYSX v.33
999 _c7848
_d7838